000 00693nam a22002057a 4500
003 0
005 20251014145201.0
008 251014b xxu||||| |||| 00| 0 eng d
020 _a978-1-032-59685-3
050 _aRC 488.5
_b.A33 2025
245 _aAddressing diversity dynamics in group therapy :
_bclinical and training applications /
_cedited by Alexis D. Abernethy.
260 _aNew York, NY :
_bRoutledge,
_c2025.
300 _ax, 166 pages ;
_c26 cm.
504 _aIncludes bibliographical references and index.
650 _aGroup psychotherapy.
650 _aGroup counseling.
650 _aMulticultural counseling.
650 _aCross-cultural psychotherapy.
942 _2lcc
_cBK
999 _c368236
_d368236